LEADER 01837cam a2200361 a 4500
001 c000261837
003 CARM
005 20070531150403.0
008 920206s1991 enka b 100 0 eng
010 |a 93131299 
019 1 |a 8656531  |5 LACONCORD2021 
020 |a 085296532X 
035 |a (OCoLC)28378916  |5 LACONCORD2021 
040 |a LC  |b eng  |c LC  |d NUN 
050 0 |a HF5548.2  |b .I4645 1991 
111 2 |a International Conference on Information Technology in the Workplace  |d (1991 :  |c London) 
245 1 0 |a International Conference on Information Technology in the Workplace :  |b 12-13 November 1991 /  |c organised by the Computing and Control Division of the Institution of Electrical Engineers in association with the Institution of Mechanical Engineers, the Chartered Institute of Marketing, the British Computer Society. 
260 |a London :  |b The Institution,  |c c1991. 
300 |a v, 53 p. :  |b ill. ;  |c 30 cm. 
490 1 |a Conference publications,  |x 0537-9989 ;  |v no. 347 
500 |a "Venue the Institution of Electrical Engineers, Savoy Place, London WC2R, UK." 
504 |a Includes bibliographical references. 
650 0 |a Business  |x Data processing  |v Congresses. 
650 0 |a Information storage and retrieval systems  |x Business  |v Congresses. 
650 0 |a Information technology  |v Congresses. 
710 2 |a Institution of Electrical Engineers.  |b Computing & Control Division 
710 2 |a British Computer Society. 
710 2 |a Institution of Mechanical Engineers (Great Britain) 
710 2 |a Chartered Institute of Marketing. 
830 0 |a IEE conference publication ;  |v no. 347. 
852 8 |b CARM  |h A1:AO02E0  |i F02214  |p 0377521  |f BK 
999 f f |i 9aeb4a81-a6e8-5018-b344-a07d220ccf8b  |s 6f2e44ef-9732-555a-bb40-a8dc6840b6f6 
952 f f |p Can circulate  |a CAVAL  |b CAVAL  |c CAVAL  |d CARM 1 Store  |e F02214  |f A1:AO02E0  |h Other scheme  |i book  |m 0377521